[Event "Mogi das Cruzes op 09"]
[Site "Mogi das Cruzes"]
[Date "2013.09.26"]
[Round "1"]
[White "Terao, Juliana Sayumi"]
[Black "De Sousa, Lucas Mazim"]
[Result "1-0"]
[WhiteElo "2148"]
[BlackElo "1720"]
[PlyCount "47"]
[EventDate "2013.09.26"]
[EventType "swiss"]
[EventRounds "7"]
[EventCountry "BRA"]
[SourceTitle "CBM 156 Extra"]
[Source "ChessBase"]
[SourceDate "2013.10.22"]
[SourceVersion "1"]
[SourceVersionDate "2013.10.22"]
[SourceQuality "1"]

1. e4 c5 2. Nf3 Nc6 3. d4 cxd4 4. Nxd4 Nf6 5. Nc3 g6 6. Be2 Bg7 7. Nb3 0-0 8. 0-0 Na5 9. Bg5 h6 10. Bh4 Nxb3 11. axb3 d6 12. f4 Qc7 13. Kh1 Qc5 14. Bd3 Ng4 15. Qd2 Qh5 16. Bg3 Bd4 17. Be2 Qc5 18. Na4 Be3 19. Qd1 Qh5 20. h3 f5 21. Bh2 Qh4 22. hxg4 fxg4 23. g3 Qh3 24. Qd3 1-0

[Event "Campinas IRT 2nd"]
[Site "Campinas"]
[Date "2007.04.18"]
[Round "1"]
[White "Hengles, Roberto Carlos"]
[Black "De Sousa, Lucas Mazim"]
[Result "0-1"]
[WhiteElo "1944"]
[BlackElo "1717"]
[PlyCount "64"]
[EventDate "2007.04.18"]
[EventType "tourn"]
[EventRounds "9"]
[EventCountry "BRA"]
[SourceTitle "EXT 2022"]
[Source "ChessBase"]
[SourceDate "2021.10.06"]
[SourceVersion "1"]
[SourceVersionDate "2021.10.06"]
[SourceQuality "1"]

1. e4 c5 2. Nc3 e6 3. f4 Nc6 4. Nf3 d5 5. exd5 exd5 6. Bb5 Nf6 7. 0-0 Be7 8. Ne5 Qb6 9. Qe2 0-0 10. Nxc6 bxc6 11. Ba4 Bg4 12. Qe1 c4+ 13. Kh1 Bb4 14. Qh4 Bxc3 15. dxc3 Ne4 16. Bxc6 Rad8 17. b3 Be2 18. Ba3 Bxf1 19. Bxf8 Rxf8 20. Rxf1 Qxc6 21. f5 f6 22. Rf3 Qc5 23. b4 Qb6 24. a4 a6 25. g4 Re8 26. Qh5 Re7 27. h4 Ng3+ 28. Rxg3 Re1+ 29. Kh2 Qf2+ 30. Rg2 Qf4+ 31. Rg3 Re2+ 32. Kh3 Qf1+ 0-1

[Event "Sao Paulo Macabi 1st"]
[Site "Sao Paulo"]
[Date "2006.02.11"]
[Round "1.1"]
[White "Wozniak, Diego Estanislau"]
[Black "De Sousa, Lucas Mazim"]
[Result "1-0"]
[WhiteElo "2049"]
[BlackElo "1625"]
[PlyCount "33"]
[EventDate "2006.02.11"]
[EventType "tourn"]
[EventRounds "9"]
[EventCountry "BRA"]
[SourceTitle "EXT 2022"]
[Source "ChessBase"]
[SourceDate "2021.10.06"]
[SourceVersion "1"]
[SourceVersionDate "2021.10.06"]
[SourceQuality "1"]

1. e4 e5 2. Nf3 Nf6 3. Nxe5 Qe7 4. d4 d6 5. Nf3 Qxe4+ 6. Be2 Be7 7. 0-0 0-0 8. Nc3 Qg6 9. Nh4 Qe4 10. Nxe4 Nxe4 11. Nf3 Nd7 12. Bd3 d5 13. c4 c6 14. cxd5 cxd5 15. Qb3 Ndf6 16. Ne5 Rd8 17. f3 1-0